[Event "Wuerzburg op Seniors 15th"]
[Site "Wuerzburg"]
[Date "2005.08.31"]
[Round "6"]
[White "Rogg, Walter"]
[Black "Lange, Manfred"]
[Result "0-1"]
[WhiteElo "1489"]
[BlackElo "1945"]
[PlyCount "70"]
[EventDate "2005.08.27"]
[EventType "swiss"]
[EventRounds "9"]
[EventCountry "GER"]
[SourceTitle "EXT 2007"]
[Source "ChessBase"]
[SourceDate "2006.11.23"]
[SourceVersion "1"]
[SourceVersionDate "2006.11.23"]
[SourceQuality "1"]

1. d4 Nf6 2. Nf3 g6 3. c4 Bg7 4. Nc3 d5 5. e3 0-0 6. Be2 c5 7. 0-0 cxd4 8. Nxd5 Nxd5 9. cxd5 Qxd5 10. Nxd4 Qd8 11. Bc4 Nd7 12. Nf3 Qc7 13. Qc2 Qb6 14. Rb1 Nc5 15. Nd2 Bd7 16. b4 Ba4 17. Bxf7+ Rxf7 18. Qxc5 Qe6 19. Nb3 b6 20. Qc2 Rc8 21. Qd2 Bc3 22. Qe2 Rf5 23. Rd1 Bb5 24. Qg4 Rc4 25. Nd4 Bxd4 26. Rxd4 Rxd4 27. Qxd4 Rd5 28. Bb2 Rxd4 29. Bxd4 Qxa2 30. Rc1 Qd2 31. Rc8+ Kf7 32. h3 Qe1+ 33. Kh2 Qxf2 34. Rh8 Bf1 35. Rxh7+ Ke6 0-1

[Event "Wuerzburg op Seniors 15th"]
[Site "Wuerzburg"]
[Date "2005.08.30"]
[Round "5"]
[White "Wiegand, Simon"]
[Black "Rogg, Walter"]
[Result "0-1"]
[WhiteElo "1182"]
[BlackElo "1489"]
[PlyCount "42"]
[EventDate "2005.08.27"]
[EventType "swiss"]
[EventRounds "9"]
[EventCountry "GER"]
[SourceTitle "EXT 2007"]
[Source "ChessBase"]
[SourceDate "2006.11.23"]
[SourceVersion "1"]
[SourceVersionDate "2006.11.23"]
[SourceQuality "1"]

1. e4 e6 2. Nf3 c5 3. c4 Nc6 4. Nc3 a6 5. b3 d6 6. d4 cxd4 7. Nxd4 g6 8. Bb2 Bg7 9. Nce2 Nf6 10. f3 0-0 11. g4 Ne5 12. Kf2 Nexg4+ 13. fxg4 Nxg4+ 14. Ke1 Qf6 15. Kd2 Bh6+ 16. Kc2 Ne3+ 17. Kd3 Nxd1 18. Rxd1 e5 19. Nc2 Qf3+ 20. Ne3 Qxe3+ 21. Kc2 Qxe4+ 0-1

[Event "Wuerzburg op Seniors 15th"]
[Site "Wuerzburg"]
[Date "2005.08.29"]
[Round "4"]
[White "Rogg, Walter"]
[Black "Guenthner, Arthur"]
[Result "1/2-1/2"]
[WhiteElo "1489"]
[BlackElo "1378"]
[PlyCount "56"]
[EventDate "2005.08.27"]
[EventType "swiss"]
[EventRounds "9"]
[EventCountry "GER"]
[SourceTitle "EXT 2007"]
[Source "ChessBase"]
[SourceDate "2006.11.23"]
[SourceVersion "1"]
[SourceVersionDate "2006.11.23"]
[SourceQuality "1"]

1. d4 d5 2. Nf3 c5 3. e3 Nc6 4. c3 Bg4 5. Nbd2 e6 6. Bd3 Nf6 7. 0-0 cxd4 8. exd4 Bd6 9. Re1 0-0 10. Qc2 Qc7 11. g3 e5 12. dxe5 Nxe5 13. Nxe5 Bxe5 14. f4 Qc5+ 15. Kg2 Bd6 16. Nb3 Qc6 17. Nd4 Qd7 18. Bf5 Bxf5 19. Qxf5 Qa4 20. Qc2 Qc4 21. Nf5 Bc5 22. Be3 Bxe3 23. Nxe3 Qc6 24. Nf5 Rfe8 25. Nd4 Qb6 26. Qb3 Qc7 27. Qb5 Qc4 28. Qxc4 dxc4 1/2-1/2

[Event "Wuerzburg op Seniors 15th"]
[Site "Wuerzburg"]
[Date "2005.08.28"]
[Round "3"]
[White "Muehlbayer, Kevin"]
[Black "Rogg, Walter"]
[Result "1/2-1/2"]
[WhiteElo "1432"]
[BlackElo "1489"]
[PlyCount "41"]
[EventDate "2005.08.27"]
[EventType "swiss"]
[EventRounds "9"]
[EventCountry "GER"]
[SourceTitle "EXT 2007"]
[Source "ChessBase"]
[SourceDate "2006.11.23"]
[SourceVersion "1"]
[SourceVersionDate "2006.11.23"]
[SourceQuality "1"]

1. e4 e6 2. d4 d5 3. exd5 exd5 4. Nf3 Nf6 5. Bd3 Bd6 6. 0-0 0-0 7. Bg5 h6 8. Bh4 Bg4 9. Nbd2 Nbd7 10. c3 c6 11. Qc2 Qc7 12. h3 Be6 13. Rae1 Rae8 14. Bxf6 Nxf6 15. Bf5 Qc8 16. Bxe6 Rxe6 17. Rxe6 Qxe6 18. Re1 Qd7 19. Ne5 Qc7 20. Ndf3 Ne4 21. Kf1 1/2-1/2

[Event "Wuerzburg op Seniors 15th"]
[Site "Wuerzburg"]
[Date "2005.08.28"]
[Round "2"]
[White "Rogg, Walter"]
[Black "Ivanov, Mikhail M"]
[Result "0-1"]
[WhiteElo "1489"]
[BlackElo "2418"]
[PlyCount "79"]
[EventDate "2005.08.27"]
[EventType "swiss"]
[EventRounds "9"]
[EventCountry "GER"]
[SourceTitle "EXT 2007"]
[Source "ChessBase"]
[SourceDate "2006.11.23"]
[SourceVersion "1"]
[SourceVersionDate "2006.11.23"]
[SourceQuality "1"]

1. d4 Nf6 2. Nf3 c5 3. e3 b6 4. Bd3 Bb7 5. Nbd2 e6 6. 0-0 Be7 7. Re1 d6 8. c3 Nbd7 9. Qe2 a6 10. e4 cxd4 11. cxd4 e5 12. b3 0-0 13. Bb2 Re8 14. Rec1 Bf8 15. d5 Nc5 16. Bc2 a5 17. g3 Ba6 18. Qe1 g6 19. Rd1 Bh6 20. Bc3 Rc8 21. Nc4 a4 22. Bb4 Nh5 23. Bd2 Bg7 24. Bg5 Qc7 25. Rdc1 Bxc4 26. bxc4 Rf8 27. Nd2 f5 28. Be3 Qd7 29. Bxc5 Rxc5 30. Bd1 Nf6 31. Rab1 Qa7 32. Rb4 Bh6 33. Rcb1 Bxd2 34. Qxd2 Nxe4 35. Qe1 a3 36. Rxb6 Rxc4 37. Rb7 Qd4 38. Bb3 Rc3 39. Rd1 Qc5 40. Re7 0-1